Longman Preparation Course for the TOEFL(Tapescript and Answer Key). Preparation Course for the TOEFL /

Guardado en:
Detalles Bibliográficos
Autor principal: Phillips, Deborah (Autor)
Formato: Libro
Lenguaje:inglés
Publicado: New York : Longman Group UK, 1992
Edición:6,11 impression
Etiquetas: Agregar Etiqueta
Sin Etiquetas, Sea el primero en etiquetar este registro!

MARC

LEADER 00000nam a22000003a 4500
001 stu31444
005 20150617225735.9
008 931125s1992----xxu-----------------eng-d
020 |a 0-582-03748-4 
040 |a STU  |b slo 
041 0 |a eng 
044 |a xxu 
080 |a 802.0 
100 1 |a Phillips, Deborah  |4 aut 
245 1 |a Longman Preparation Course for the TOEFL(Tapescript and Answer Key). Preparation Course for the TOEFL /  |c [aut.] Phillips,Deborah 
250 |a 6,11 impression 
260 |a New York :  |b Longman Group UK,  |c 1992 
300 |a 56,282 s 
996 |b J88129  |c J*88129  |l JJK17  |s P  |a 0  |w stu31444_0001 
996 |b J89967  |c J*89967  |l JJK17  |s P  |a 0  |w stu31444_0002 
996 |b J89966  |c J*89966  |l JJK17  |s P  |a 0  |w stu31444_0003